0302-IGRいわて銀河鉄道の駅 - Statistics

General Stats
  • This quiz has been taken 194 times
  • The average score is 14 of 18
Answer Stats
駅名 % Correct
盛岡
99%
いわて沼宮内
96%
二戸
95%
目時
95%
金田一温泉
91%
好摩
90%
滝沢
86%
一戸
82%
青山
80%
厨川
70%
巣子
70%
岩手川口
68%
渋民
66%
小鳥谷
64%
奥中山高原
56%
小繋
54%
斗米
53%
御堂
52%
No matching quizzes found
Score Distribution
Percent of People with Each Score
Percentile by Number Answered
Your Score History
You have not taken this quiz